[Event "FIN-chT 2022"]
[Site "Finland"]
[Date "2021.12.11"]
[Round "6.1"]
[White "Karttunen, Mika"]
[Black "Anttila, Perttu"]
[Result "1-0"]
[WhiteElo "2488"]
[BlackElo "2270"]
[PlyCount "93"]
[EventDate "2020.09.12"]
[EventType "team-tourn"]
[EventRounds "11"]
[EventCountry "FIN"]
[SourceTitle "EXT 2023"]
[Source "ChessBase"]
[SourceDate "2022.10.05"]
[SourceVersion "1"]
[SourceVersionDate "2022.10.05"]
[SourceQuality "1"]
[WhiteTeam "Tampere Tammer"]
[BlackTeam "Vantaa EtVaS"]
[WhiteTeamCountry "FIN"]
[BlackTeamCountry "FIN"]

1. e4 e6 2. d4 d5 3. Nd2 h6 4. Ngf3 c5 5. exd5 Qxd5 6. Bc4 Qd8 7. Ne4 cxd4 8. Qxd4 Qxd4 9. Nxd4 Nd7 10. Nb5 Kd8 11. Bf4 Ngf6 12. Nxf6 gxf6 13. 0-0-0 a6 14. Nd6 Bxd6 15. Rxd6 Ke7 16. Rhd1 Ne5 17. Be2 Nc6 18. Be3 Kf8 19. Bf3 Kg7 20. Bxc6 bxc6 21. Rxc6 Bb7 22. Rc7 Bd5 23. c4 Rhc8 24. Rxc8 Rxc8 25. b3 h5 26. Kb2 Bc6 27. Kc3 h4 28. Rd4 f5 29. g3 h3 30. Kb4 f6 31. Ka5 Be4 32. Rd7+ Kg6 33. Kxa6 Ra8+ 34. Ba7 f4 35. b4 fxg3 36. fxg3 e5 37. b5 Rc8 38. c5 Kf5 39. Rd2 Kg4 40. c6 f5 41. Kb6 Kf3 42. c7 f4 43. gxf4 exf4 44. Rd8 Bf5 45. Kb7 Kg2 46. Rxc8 Bxc8+ 47. Kxc8 1-0

[Event "FIN-chT 1920"]
[Site "Finland"]
[Date "2019.11.23"]
[Round "5.4"]
[White "Anttila, Perttu"]
[Black "Nyysti, Sampsa"]
[Result "1-0"]
[WhiteElo "2266"]
[BlackElo "2331"]
[PlyCount "63"]
[EventDate "2019.09.14"]
[EventType "team-tourn"]
[EventRounds "11"]
[EventCountry "FIN"]
[SourceTitle "CBM 194 Extra"]
[Source "ChessBase"]
[SourceDate "2020.03.31"]
[SourceVersion "1"]
[SourceVersionDate "2020.03.31"]
[SourceQuality "1"]
[WhiteTeam "Vantaa EtVaS"]
[BlackTeam "Helsinki Ninja"]
[WhiteTeamCountry "FIN"]
[BlackTeamCountry "FIN"]

1. d4 Nf6 2. Bg5 d5 3. Nd2 c5 4. dxc5 Nc6 5. c3 a5 6. Ngf3 e6 7. Nd4 Bxc5 8. e3 0-0 9. Qf3 Be7 10. h4 Bd7 11. Be2 a4 12. Qg3 Kh8 13. Bf4 a3 14. b4 Nxb4 15. Bc7 Qe8 16. cxb4 Bxb4 17. Bd3 Qe7 18. N4b3 Ne4 19. Bxe4 dxe4 20. 0-0 Bb5 21. Rfc1 Bd3 22. Nc4 Ra6 23. Ne5 Bb5 24. Nd4 Be8 25. Rab1 f6 26. Nc4 Rf7 27. Nb6 Bc5 28. Bd8 Qxd8 29. Rxc5 Rxb6 30. Rxb6 Qxb6 31. Rc8 Rf8 32. Qb8 1-0

[Event "FIN-chT 1819"]
[Site "Finland"]
[Date "2019.04.05"]
[Round "9.3"]
[White "Jarvenpaa, Jari"]
[Black "Anttila, Perttu"]
[Result "1-0"]
[WhiteElo "2307"]
[BlackElo "2239"]
[PlyCount "55"]
[EventDate "2018.09.15"]
[EventType "team-tourn"]
[EventRounds "11"]
[EventCountry "FIN"]
[SourceTitle "CBM 189 Extra"]
[Source "ChessBase"]
[SourceDate "2019.06.03"]
[SourceVersion "1"]
[SourceVersionDate "2019.06.03"]
[SourceQuality "1"]
[WhiteTeam "Salo SalSK"]
[BlackTeam "Vantaa EtVaS"]
[WhiteTeamCountry "FIN"]
[BlackTeamCountry "FIN"]

1. e4 e6 2. d4 d5 3. Nd2 h6 4. Ngf3 c5 5. exd5 exd5 6. Bb5+ Nc6 7. 0-0 Qb6 8. Qe2+ Be6 9. dxc5 Bxc5 10. Nb3 a6 11. Nxc5 Qxc5 12. Bxc6+ bxc6 13. Qe5 Nf6 14. Nd4 Kd7 15. Bf4 Rac8 16. b4 Qe7 17. Rfe1 Ne8 18. Qe2 Nc7 19. a3 Nb5 20. Nb3 Rhd8 21. Nc5+ Ke8 22. Qh5 Kf8 23. Bxh6 gxh6 24. Qxh6+ Kg8 25. Re3 Rd6 26. Rg3+ Bg4 27. Rxg4+ Rg6 28. Rxg6+ 1-0

[Event "FIN-chT 1819"]
[Site "Finland"]
[Date "2019.02.09"]
[Round "7.3"]
[White "Anttila, Perttu"]
[Black "Agopov, Mikael"]
[Result "1-0"]
[WhiteElo "2239"]
[BlackElo "2447"]
[PlyCount "73"]
[EventDate "2018.09.15"]
[EventType "team-tourn"]
[EventRounds "11"]
[EventCountry "FIN"]
[SourceTitle "EXT 2021"]
[Source "ChessBase"]
[SourceDate "2020.10.23"]
[SourceVersion "1"]
[SourceVersionDate "2020.10.23"]
[SourceQuality "1"]
[WhiteTeam "Vantaa EtVaS"]
[BlackTeam "Helsinki Comeon"]
[WhiteTeamCountry "FIN"]
[BlackTeamCountry "FIN"]

1. d4 Nf6 2. Bg5 d5 3. Nf3 c5 4. c3 Ne4 5. Be3 e6 6. Nbd2 Nc6 7. Nxe4 dxe4 8. Ne5 Nxe5 9. dxe5 Bd7 10. f4 Qc7 11. Qc2 Bc6 12. g3 f6 13. exf6 gxf6 14. f5 exf5 15. Bh3 Bd7 16. 0-0-0 Rd8 17. Rhf1 Qc8 18. Rd5 Be6 19. Qa4+ Qc6 20. Qxc6+ bxc6 21. Rxd8+ Kxd8 22. Bxf5 Bxf5 23. Rxf5 h5 24. Rxf6 Kd7 25. Rf7+ Ke6 26. Rxa7 Bd6 27. Ra4 Kd5 28. c4+ Ke6 29. Kd2 h4 30. Bf4 Be5 31. Ke3 Bxb2 32. Kxe4 hxg3 33. hxg3 Rh2 34. e3 Bf6 35. Ra6 Kd7 36. Ra7+ Ke6 37. Rc7 1-0

[Event "FIN-chT 1819"]
[Site "Finland"]
[Date "2018.11.11"]
[Round "4.3"]
[White "Anttila, Perttu"]
[Black "Pershin, Denis"]
[Result "0-1"]
[WhiteElo "2239"]
[BlackElo "2390"]
[PlyCount "62"]
[EventDate "2018.09.15"]
[EventType "team-tourn"]
[EventRounds "11"]
[EventCountry "FIN"]
[SourceTitle "CBM 187 Extra"]
[Source "ChessBase"]
[SourceDate "2018.11.04"]
[SourceVersion "1"]
[SourceVersionDate "2018.11.04"]
[SourceQuality "1"]
[WhiteTeam "Vantaa EtVaS"]
[BlackTeam "Espoo MatSK"]
[WhiteTeamCountry "FIN"]
[BlackTeamCountry "FIN"]

1. d4 d5 2. Bg5 Nf6 3. Nc3 Nbd7 4. Nf3 h6 5. Bf4 c5 6. e3 a6 7. Be2 b5 8. Ne5 Bb7 9. dxc5 Nxc5 10. Bh5 g6 11. Nxg6 fxg6 12. Bxg6+ Kd7 13. Qd4 Qb6 14. b3 Bg7 15. Be5 Kd8 16. Nxd5 Bxd5 17. e4 Nfd7 18. Bxg7 Qxg6 19. Qxd5 Qxg7 20. Qxa8+ Kc7 21. Qa7+ Kc6 22. Rd1 Qxg2 23. Rf1 Qxe4+ 24. Kd2 Qd4+ 25. Ke2 Qe5+ 26. Kd2 Ne4+ 27. Ke3 Nb6 28. f4 Qe6 29. c4 Nc3+ 30. Kd2 Nxd1 31. Rxd1 Rd8+ 0-1

[Event "FIN-chT 1718"]
[Site "Finland"]
[Date "2017.09.17"]
[Round "2.7"]
[White "Kosmo, Santul"]
[Black "Anttila, Perttu"]
[Result "1/2-1/2"]
[WhiteElo "2201"]
[BlackElo "2200"]
[PlyCount "94"]
[EventDate "2017.09.16"]
[EventType "team-tourn"]
[EventRounds "11"]
[EventCountry "FIN"]
[SourceTitle "CBM 180 Extra"]
[Source "ChessBase"]
[SourceDate "2017.10.06"]
[SourceVersion "1"]
[SourceVersionDate "2017.10.06"]
[SourceQuality "1"]
[WhiteTeam "Helsinki SSK"]
[BlackTeam "Vantaa EtVaS"]
[WhiteTeamCountry "FIN"]
[BlackTeamCountry "FIN"]

1. e4 e6 2. d4 d5 3. Nd2 h6 4. c3 c5 5. Bd3 cxd4 6. cxd4 dxe4 7. Nxe4 Nf6 8. Nc3 Nc6 9. Nf3 Bd6 10. 0-0 0-0 11. Re1 b6 12. a3 Bb7 13. Bc2 Re8 14. Qd3 Ne7 15. Ne5 Nf5 16. Bf4 Rc8 17. Rad1 Qc7 18. Qh3 Nd5 19. Bc1 Nxc3 20. bxc3 f6 21. Ng4 Bd5 22. Bd2 Bxa3 23. Ba4 Red8 24. Ne3 Nxe3 25. Rxe3 Bd6 26. Rxe6 Bxh2+ 27. Kh1 Bf4 28. Bxf4 Qxf4 29. Re7 Rc7 30. Rxc7 Qxc7 31. Bc2 Qf4 32. Qd3 Qxf2 33. Rd2 Qh4+ 34. Kg1 Re8 35. Re2 Rxe2 36. Qxe2 Kf8 37. Bg6 Bf7 38. Bxf7 Kxf7 39. d5 Qg5 40. Qe6+ Kf8 41. d6 Qc5+ 42. Kf1 Qb5+ 43. c4 Qe8 44. Qd5 Qd7 45. Qa8+ Kf7 46. Qd5+ Kf8 47. Qa8+ Kf7 1/2-1/2

[Event "FIN-chT 1617"]
[Site "Finland"]
[Date "2017.03.10"]
[Round "9.7"]
[White "Anttila, Perttu"]
[Black "Halmeenmaki, Tuomo"]
[Result "1-0"]
[WhiteElo "2178"]
[BlackElo "2167"]
[PlyCount "53"]
[EventDate "2016.09.17"]
[EventType "team-tourn"]
[EventRounds "11"]
[EventCountry "FIN"]
[SourceTitle "EXT 2018"]
[Source "ChessBase"]
[SourceDate "2017.10.13"]
[SourceVersion "1"]
[SourceVersionDate "2017.10.13"]
[SourceQuality "1"]
[WhiteTeam "Vantaa EtVaS"]
[BlackTeam "Helsinki Aatos"]
[WhiteTeamCountry "FIN"]
[BlackTeamCountry "FIN"]

1. d4 Nf6 2. Nd2 d6 3. e4 g6 4. Bc4 Bg7 5. e5 dxe5 6. dxe5 Nd5 7. Nb3 c6 8. f4 0-0 9. Nf3 Be6 10. Qe2 b5 11. Bd3 Nb4 12. Nc5 Nxd3+ 13. cxd3 Bd5 14. 0-0 Nd7 15. Be3 Nxc5 16. Bxc5 Qc7 17. Nd4 Rfe8 18. Rae1 Rad8 19. b3 b4 20. f5 Bxg2 21. Qxg2 Rd5 22. fxg6 hxg6 23. Ne6 Qa5 24. d4 fxe6 25. Qxg6 Rf8 26. Rxf8+ Kxf8 27. Rf1+ 1-0

[Event "FIN-chT 1516"]
[Site "Finland"]
[Date "2015.11.06"]
[Round "9.8"]
[White "Anttila, Perttu"]
[Black "Kytoniemi, Jyrki"]
[Result "0-1"]
[WhiteElo "2145"]
[BlackElo "2228"]
[PlyCount "84"]
[EventDate "2015.09.12"]
[EventType "team-tourn"]
[EventRounds "11"]
[EventCountry "FIN"]
[SourceTitle "EXT 2017"]
[Source "ChessBase"]
[SourceDate "2016.10.25"]
[SourceVersion "1"]
[SourceVersionDate "2016.10.25"]
[SourceQuality "1"]
[WhiteTeam "Vantaa EtVaS"]
[BlackTeam "Tampere Tammer"]
[WhiteTeamCountry "FIN"]
[BlackTeamCountry "FIN"]

1. d4 e6 2. c4 Bb4+ 3. Bd2 Qe7 4. Nc3 Nf6 5. Qc2 Nc6 6. Nf3 0-0 7. a3 Bxc3 8. Bxc3 d5 9. b3 Ne4 10. Bb2 f5 11. g3 Bd7 12. Bg2 Be8 13. Nd2 Bg6 14. Nxe4 fxe4 15. Qd2 b6 16. Bc3 Rad8 17. f4 dxc4 18. bxc4 Nxd4 19. Bxd4 c5 20. Qc2 Rxd4 21. 0-0 Rfd8 22. Rad1 h5 23. Rxd4 Rxd4 24. Qc3 Qd6 25. Kf2 Rd2 26. Ke3 Qd4+ 27. Qxd4 Rxd4 28. Rc1 Kf7 29. a4 a5 30. Rb1 Rxc4 31. Rxb6 Rxa4 32. Rc6 Rc4 33. Ra6 a4 34. Kd2 Rb4 35. Ra5 Rb2+ 36. Ke3 Rb3+ 37. Kf2 Bf5 38. Rxa4 e3+ 39. Kf3 Bg4+ 40. Ke4 Bxe2 41. Ra7+ Kf6 42. Bf3 Bc4 0-1

[Event "FIN-chT 1314"]
[Site "Finland"]
[Date "2014.03.09"]
[Round "11.8"]
[White "Pulkkinen, Kari"]
[Black "Anttila, Perttu"]
[Result "1-0"]
[WhiteElo "2254"]
[BlackElo "2122"]
[PlyCount "67"]
[EventDate "2013.09.21"]
[EventType "team-tourn"]
[EventRounds "11"]
[EventCountry "FIN"]
[SourceTitle "EXT 2015"]
[Source "ChessBase"]
[SourceDate "2014.11.20"]
[SourceVersion "1"]
[SourceVersionDate "2014.11.20"]
[SourceQuality "1"]
[WhiteTeam "Espoo MatSK"]
[BlackTeam "Vantaa EtVaS"]
[WhiteTeamCountry "FIN"]
[BlackTeamCountry "FIN"]

1. e4 e6 2. d4 d5 3. Nc3 h6 4. Nf3 Nf6 5. Bd3 Bb4 6. e5 Ne4 7. 0-0 Nxc3 8. bxc3 Bxc3 9. Rb1 c5 10. dxc5 Nc6 11. Qe2 Qa5 12. Rb3 a6 13. Qe3 Bb4 14. Qf4 Bxc5 15. Qg4 Bf8 16. Bd2 Qc7 17. Re1 b5 18. a4 b4 19. c3 a5 20. cxb4 Nxb4 21. Rc1 Qd8 22. Bb5+ Bd7 23. Nd4 h5 24. Qg3 Bxb5 25. Nxb5 Rc8 26. Rbc3 Rc4 27. Bg5 Qc8 28. Rxc4 dxc4 29. Qh4 Qc5 30. Rxc4 Qxe5 31. Rc8+ Kd7 32. Rd8+ Kc6 33. Qc4+ Bc5 34. Na7+ 1-0

[Event "FIN-chT 1314"]
[Site "Finland"]
[Date "2014.02.09"]
[Round "8.8"]
[White "Kosmo, Santul"]
[Black "Anttila, Perttu"]
[Result "1-0"]
[WhiteElo "2232"]
[BlackElo "2122"]
[PlyCount "83"]
[EventDate "2013.09.21"]
[EventType "team-tourn"]
[EventRounds "11"]
[EventCountry "FIN"]
[SourceTitle "EXT 2015"]
[Source "ChessBase"]
[SourceDate "2014.11.20"]
[SourceVersion "1"]
[SourceVersionDate "2014.11.20"]
[SourceQuality "1"]
[WhiteTeam "Porvoo Velhot"]
[BlackTeam "Vantaa EtVaS"]
[WhiteTeamCountry "FIN"]
[BlackTeamCountry "FIN"]

1. e4 e6 2. d4 d5 3. Nd2 h6 4. Ngf3 dxe4 5. Nxe4 Nf6 6. Bd3 Nxe4 7. Bxe4 Nd7 8. Qe2 c6 9. Bd2 Bd6 10. 0-0-0 Nf6 11. Bd3 Qe7 12. Kb1 Bd7 13. Ne5 0-0-0 14. h4 Be8 15. h5 Nd7 16. f4 c5 17. Be4 cxd4 18. Ba5 Nb6 19. Rxd4 Bxe5 20. Rxd8+ Qxd8 21. fxe5 Qc7 22. Qg4 Qxe5 23. Bc3 f5 24. Bxe5 fxg4 25. Bxg7 Rg8 26. Bxh6 Rh8 27. Be3 Rxh5 28. Rxh5 Bxh5 29. Bxb6 axb6 30. Kc1 b5 31. Kd2 b6 32. Ke3 e5 33. Kf2 Kc7 34. Kg3 Kd6 35. Kh4 Bf7 36. Kxg4 Kc5 37. Kf5 Kd4 38. c3+ Ke3 39. Kxe5 Bxa2 40. g4 Kd2 41. Kd4 Bb3 42. Bd5 1-0

[Event "FIN-chT1 West 1314"]
[Site "Finland"]
[Date "2013.09.21"]
[Round "1.1"]
[White "Anttila, Perttu"]
[Black "Salo, Tapio"]
[Result "0-1"]
[WhiteElo "2122"]
[BlackElo "2277"]
[PlyCount "82"]
[EventDate "2013.09.21"]
[EventType "team-tourn"]
[EventRounds "9"]
[EventCountry "FIN"]
[SourceTitle "EXT 2022"]
[Source "ChessBase"]
[SourceDate "2021.10.06"]
[SourceVersion "1"]
[SourceVersionDate "2021.10.06"]
[SourceQuality "1"]
[WhiteTeam "Vantaa EtVaS II"]
[BlackTeam "Loimaa SK"]
[WhiteTeamCountry "FIN"]
[BlackTeamCountry "FIN"]

1. d4 Nf6 2. Bg5 e6 3. e3 c5 4. Nd2 cxd4 5. exd4 Nc6 6. c3 Be7 7. f4 b6 8. Bd3 Bb7 9. Ngf3 Nd5 10. Bxe7 Qxe7 11. g3 a6 12. Qe2 f5 13. 0-0-0 0-0 14. Kb1 b5 15. Rhf1 Na5 16. Rc1 Rac8 17. Ne5 Rc7 18. Ka1 Nf6 19. h3 d6 20. Nef3 Bd5 21. Rce1 Qd8 22. Ng5 Re8 23. g4 g6 24. Qf2 Nc4 25. Nxc4 bxc4 26. Bb1 h6 27. gxf5 exf5 28. Nf3 Ne4 29. Bxe4 Rxe4 30. Nh4 Qf6 31. Nxg6 Rg7 32. Nh4 Kf7 33. Rxe4 Bxe4 34. Nf3 Qg6 35. Ne1 Qg3 36. Qe2 d5 37. a4 Qxh3 38. Nf3 Bxf3 39. Rxf3 Rg1+ 40. Ka2 Qh1 41. Ka3 a5 0-1

[Event "Heart of Finland op 23rd"]
[Site "Jyvaskyla"]
[Date "2013.07.09"]
[Round "2"]
[White "Mishuchkov, Nikolai Mikhailovic"]
[Black "Anttila, Perttu"]
[Result "1-0"]
[WhiteElo "2365"]
[BlackElo "2147"]
[PlyCount "47"]
[EventDate "2013.07.08"]
[EventType "swiss"]
[EventRounds "9"]
[EventCountry "FIN"]
[SourceTitle "CBM 155 Extra"]
[Source "ChessBase"]
[SourceDate "2013.08.26"]
[SourceVersion "1"]
[SourceVersionDate "2013.08.26"]
[SourceQuality "1"]

1. Nf3 f5 2. g3 Nf6 3. Bg2 e6 4. c4 d5 5. 0-0 Bd6 6. d3 0-0 7. Nc3 c6 8. e4 dxe4 9. dxe4 e5 10. Qc2 Nxe4 11. Nxe4 fxe4 12. Ng5 Bf5 13. Bxe4 g6 14. c5 Be7 15. Bxf5 Rxf5 16. Qb3+ Qd5 17. Qxb7 Qd7 18. Qxa8 Rf8 19. Be3 Bxg5 20. Bxg5 Qc7 21. Bh6 Rc8 22. Bd2 Na6 23. Ba5 Qd7 24. Rad1 1-0